00588nam a2200157 a 450000100100000000500170001000800410002704000250006808200210009310000270011424501100014126000290025130000200028060000520030065100780035200003283120240409073643.0110727s1934 dr r 000 0 spa d aDO-SdBNPbspacBNPHU a972.93053bH557c1 aHernández Franco, T.13aEl cuarto año de gobierno del presidente Trujillo ;bagoso, 1933-agosto, 1934 /cT. Hernández Franco. a[s.l.] :b[s.n.],c1934. a59 p. ;c16 cm.10aTrujillo Molina, Rafael Leónidas,d 1891-1961 4aRepública DominicanaxPolítica Y GobiernoyERA DE TRUJILLO, 1930-1961